00498nam a2200181 4500003000400000005001700004008004100021020003500062040001700097082002000114100001800134245006800152260002900220300001600249650001300265700001800278700002000296IIN20240713151050.0231217s9999 xx 000 0 und d a9789351526551 (pbk)cRs.225.00 aIINbEnglish a610.730285bKUM1 aKumar, Ashok 1 aComputer for NursescAshok Kumar, Sunil Kumar and Chanchal Garg aNew DelhibJaypeec2021. axii, 107 p.1 aComputer1 aKumar, Sunil 1 aGarg, Chanchal